La Necesidad de regular el consentimiento del ofendido para el desistimiento de la acción penal por el ministerio público, reformando el artículo 308 en su fracción II, del Código de Procedimientos Penales del estado de Jalisco /
Uloženo v:
| Hlavní autor: | |
|---|---|
| Další autoři: | |
| Médium: | Diplomová práce Kniha |
| Jazyk: | španělština |
| Témata: | |
| Tagy: |
Žádné tagy, Buďte první, kdo vytvoří štítek k tomuto záznamu!
|
MARC
| LEADER | 00000nam^a2200000^a^4500 | ||
|---|---|---|---|
| 001 | 000052396 | ||
| 005 | 20250521000000.0 | ||
| 009 | 20260310090354.2 | ||
| 037 | |a Acervo ITESO - Biblioteca | ||
| 041 | |a ESP | ||
| 090 | |a DER. 122 | ||
| 100 | |a Estrada Bravo, Mónica |e (autor) | ||
| 245 | 1 | 3 | |a La Necesidad de regular el consentimiento del ofendido para el desistimiento de la acción penal por el ministerio público, reformando el artículo 308 en su fracción II, del Código de Procedimientos Penales del estado de Jalisco / |c M. Estrada Bravo, M.J. Rizo Macías. |
| 264 | |a Guadalajara, México : |b edición de autor, |c 1997 | ||
| 300 | |a 93 p. | ||
| 336 | |a texto |b txt |2 rdacontenido | ||
| 337 | |a sin mediación |b n |2 rdamedio | ||
| 338 | |a volumen |b nc |2 rdasoporte | ||
| 502 | |a ITESO Tesis de Licenciatura en Derecho | ||
| 649 | |a XX | ||
| 650 | |a Derecho Procesal Penal - |z Jalisco - |x Leyes y Reglamentos | ||
| 650 | |a Derecho Penal - |z Jalisco - |x Leyes y Reglamentos | ||
| 650 | |a Derecho Público | ||
| 700 | |a Rizo Macías, Manuel de Jesús |e (autor) | ||
| 700 | |a Rizo Macías, Manuel de Jesús |e (autor) | ||
| 910 | |a Fondo General | ||
| 920 | |a Impresos - Tesis del ITESO | ||
| 930 | |a Colección General | ||
| 905 | |a 104 | ||
| 901 | |a 0500010091 |b IT2 |c TSS |u 20250521 | ||
| 902 | |a https://opac.biblio.iteso.mx/vufind/Record/000052396 | ||